Connected (barbie) - lyrics - Statistics

General Stats
  • This quiz has been taken 37 times
  • The average score is 200 of 298
Answer Stats
Answer % Correct
Connected
100%
(Connected)
100%
I
100%
You
96%
(You
96%
Feel
91%
The
91%
Your
91%
Me
87%
Me)
87%
An
83%
Can
83%
Hear
83%
It
83%
Time
83%
You're
83%
(You're
83%
And
78%
Break
78%
Not
78%
Nothing
78%
This
78%
With
78%
All
74%
Be
74%
It's
74%
Protected
74%
(Protected)
74%
Near
70%
That
70%
Ever
65%
Go
65%
In
65%
Is
65%
On
65%
Right
65%
They
65%
Cause
61%
Here
61%
I'm
61%
Life
61%
My
61%
Never
61%
Tie
61%
To
61%
Alone
57%
Alright
57%
Else
57%
Everything
57%
Like
57%
We
57%
Gonna
52%
Of
52%
But
48%
Call
48%
Let
48%
Think
48%
How
43%
Inside
43%
Know
43%
Make
43%
So
43%
Always
39%
Blindfolded
39%
Heart
39%
Taking
39%
Through
39%
Trying
39%
Am
35%
Are
35%
At
35%
End
35%
Keep
35%
Next
35%
Now
35%
Ride
35%
Sitting
35%
Stand
35%
Turn
35%
Want
35%
We're
35%
Apart
30%
Because
30%
Carriage
30%
Close
30%
Curve
30%
Don't
30%
Find
30%
I've
30%
Knuckles
30%
Accident
26%
Holding
26%
Need
26%
Out
26%
Tight
26%
White
26%
Again
22%
Energy
22%
Flowing
22%
Given
22%
Or
22%
Something
22%
Spent
22%
Breathe
17%
Dream
17%
Everytime
17%
Found
17%
Separate
17%
Souls
17%
Speed
17%
Strength
17%
Touching
17%
Unified
17%
You've
17%
Everywhere
13%
Reaching
13%
Wake
13%
Walk
13%
No matching quizzes found
Score Distribution
Percent of People with Each Score
Percentile by Number Answered
Your Score History
You have not taken this quiz